000 00846nam a22003017a 4500
001 BR7400660
003 BR-BrBNA
005 20230928084522.0
007 ta
008 230509b bl.||||| |||| 00| 0 por d
040 _aBR-BrBNA
_bpor
_cBiblioteca Nacional de Agricultura
041 _a(Por)
072 _aE10; E70; F00
_b0150
_b/G514
090 _ 0150 BR7400660
100 1 _aBurger, A.
110 1 _aInstituto Rio Grandense do Arroz, Porto Alegre (Brasil)
245 1 _aA conjuntura da economia orizicola no Rio Grande do Sul [Brasil]
260 3 _aPorto Alegre, RS (Brasil):
_c1952.
300 _a71 p.
500 _a12 tables; 16 ref.
650 _aARROZ
650 _aPRECO
650 _aCONSUMO
650 _aMERCADO INTERNACIONAL
650 _aRIO GRANDE DO SUL
909 _a202309
_bLucia
_c55
_dLucia Elande
942 _cBK
999 _c19490
_d19490